000
00300nam a22001337a 4500
008
170202b xxu||||| |||| 00| 0 eng d
020
_a
9780781732796
041
_a
eng
080
_2
2ND
_a
61
100
_a
3
101
_a
SHM
245
_a
PATIENT-CENTERED INTERVIEWING
_c
SMITH, R.C
942
_2
udc
_c
BK
999
_c
4360
_d
4360